A letter to a Bishop concerning The divine legation of Moses.

Bibliographic Details
Main Author: Webster, W. (William), 1689-1758
Format: eBook
Language:English
Series:Eighteenth century collections online.
Online Access:Full text online

MARC

Tag First Indicator Second Indicator Subfields
LEADER 00000cam a2200000 4500
001 in00001981421
006 m | d |
007 cr |n||||||||n
008 820210s1741 enk|||| s 00||||eng d
005 20260408161335.8
035 |a (CStRLIN)ESTCT133062 
040 |a Uk-ES  |c Uk-ES  |d CStRLIN  |d Thomson Gale  |d UtOrBLW 
100 1 |a Webster, W.  |q (William),  |d 1689-1758. 
245 1 2 |a A letter to a Bishop concerning The divine legation of Moses. 
264 3 |a London :  |b printed for E. Withers,  |c [1741] 
300 |a 2 unnumbered pages, 9-57 pages, 1 unnumbered page ;  |c 8⁰. 
336 |a text  |b txt  |2 rdacontent 
337 |a computer  |b c  |2 rdamedia 
338 |a online resource  |b cr  |2 rdacarrier 
500 |a Attributed to William Webster. 
500 |a 'The divine legation of Moses' is by William Warburton. 
500 |a Reproduction of original from the British Library. 
510 4 |a English Short Title Catalog,  |c ESTCT133062. 
533 |a Electronic reproduction.  |b Farmington Hills, Mich. :  |c Thomson Gale,  |d 2003.  |n Available via the World Wide Web.  |n Access limited by licensing agreements  |7 s2003 miunns 
500 |a Electronic resource. 
730 0 |a Bible.  |p Psalms.  |k Selections.  |l English.  |s Blyth. 
830 0 |a Eighteenth century collections online. 
856 4 0 |u http://proxy.library.tamu.edu/login?url=https://galenet.galegroup.com/servlet/ECCO?c=1&stp=Author&ste=11&af=BN&ae=T133062&tiPG=1&dd=0&dc=flc&docNum=CW120485202&vrsn=1.0&srchtp=a&d4=0.33&n=10&SU=0LRF&locID=txshracd2898  |z Full text online  |t 0 
999 |a MARS 
999 f f |s bc12eb4b-6720-3d0a-810a-5b363b1144b2  |i 75e3994a-f057-3214-80ac-87a00a4570ed  |t 0 
952 f f |a Texas A&M University  |b College Station  |c Electronic Resources  |s www_evans  |d Available Online  |t 0  |h No information provided 
998 f f |t 0  |l Available Online